[Event "AUTO-OPEN-2131"]
[Site "http://www.queenalice.com/game.php?id=844823"]
[Date "2010.10.12"]
[Round "1"]
[White "Savage24"]
[Black "andrek"]
[Result "1-0"]
[WhiteElo "1790"]
[BlackElo "1615"]

1. e4 e5 2. Nf3 Nc6 3. Bb5 a6 4. Ba4 Nf6 5. O-O Be7 6. Re1 b5 7. Bb3 d6 8. c3
O-O 9. h3 Bb7 10. d4 Re8 11. Nbd2 Bf8 12. d5 Ne7 13. Nf1 h6 14. N3h2 c6 15. dxc6
Bxc6 16. Qf3 d5 17. Ng4 Qd6 18. Nxf6+ Qxf6 19. Qxf6 gxf6 20. Ng3 Red8 21. Nh5
Bg7 22. Re3 Kh7 23. exd5 Nxd5 24. Rg3 Rg8 25. Bxd5 Bxd5 26. Rxg7+ Rxg7 27. Nxf6+
1-0

[Event "AUTO-OPEN-2131"]
[Site "http://www.queenalice.com/game.php?id=844838"]
[Date "2010.10.12"]
[Round "1"]
[White "musampa"]
[Black "Savage24"]
[Result "0-1"]
[WhiteElo "1917"]
[BlackElo "1893"]

1. f4 d5 2. e3 g6 3. d4 Bg7 4. Bb5+ c6 5. Ba4 Nf6 6. Nc3 O-O 7. h3 b5 8. Bb3 b4
9. Na4 Ne4 10. Bd2 e5 11. Nf3 exd4 12. O-O c5 13. c4 bxc3 14. bxc3 c4 15. Bc2 d3
16. Bb1 Bd7 17. Nd4 Bxa4 0-1

[Event "AUTO-OPEN-2131"]
[Site "http://www.queenalice.com/game.php?id=844839"]
[Date "2010.10.12"]
[Round "1"]
[White "Savage24"]
[Black "musampa"]
[Result "1-0"]
[WhiteElo "1990"]
[BlackElo "1927"]

1. e4 e5 2. Nf3 Bc5 3. Nxe5 d6 4. Nf3 Bg4 5. d4 Bb6 6. Nc3 Qf6 7. Nd5 Qe6 8. Bd3
c6 9. Ne3 h5 10. Nxg4 hxg4 11. Ng5 Qd7 12. e5 dxe5 13. dxe5 Qd4 14. Qe2 Ba5+ 15.
Kf1 Na6 16. c3 Qd5 17. Bc4 1-0

[Event "Challenge"]
[Site "http://www.queenalice.com/game.php?id=846267"]
[Date "2010.10.15"]
[Round "-"]
[White "mauricio10"]
[Black "Savage24"]
[Result "0-1"]
[WhiteElo "1749"]
[BlackElo "1964"]

1. e4 e6 2. Nf3 d5 3. e5 c5 4. Nc3 Nc6 5. Bb5 Ne7 6. O-O a6 7. Bxc6+ Nxc6 8. d3
Be7 9. a3 O-O 10. d4 cxd4 11. Nxd4 Nxe5 12. f4 Nc4 13. Qe2 Bc5 14. Be3 Nxb2 15.
Qh5 Nc4 16. Qf3 Qa5 17. Nb1 Qb6 18. c3 Qb2 19. Nxe6 Bxe3+ 20. Kh1 fxe6 21. f5
Rxf5 22. Qd1 Rxf1+ 23. Qxf1 Qxa1 24. g3 Bd7 0-1

[Event "Challenge"]
[Site "http://www.queenalice.com/game.php?id=850381"]
[Date "2010.10.25"]
[Round "-"]
[White "theblackfox"]
[Black "Savage24"]
[Result "0-1"]
[WhiteElo "1980"]
[BlackElo "2173"]

1. e4 e6 2. d4 d5 3. Nc3 Bb4 4. Bd2 dxe4 5. Nxe4 Qxd4 6. f3 Bxd2+ 7. Qxd2 Qxb2
8. Qc3 Qxc3+ 9. Nxc3 a6 10. Bd3 Ne7 11. O-O-O Nd7 12. Nh3 b5 13. g4 Bb7 14. Be4
Bxe4 15. Nxe4 Ne5 16. f4 Nxg4 17. Nhg5 Ne3 18. Rde1 N3d5 19. Rhf1 h6 20. Nh3 O-O
21. Rg1 Rfd8 22. Nhf2 Nxf4 23. Rg4 Neg6 24. h4 f5 25. Rg3 fxe4 26. Rxe4 Rd5 27.
c4 bxc4 28. Rxc4 Ne2+ 29. Kc2 Nxg3 30. Rxc7 Rad8 31. Rc6 Rd2+ 32. Kc3 Rxf2 33.
Rxa6 Ne4+ 34. Kc4 Ne5+ 35. Kb5 Rb8+ 36. Rb6 Rb2+ 37. Ka6 R2xb6+ 38. Ka7 Nc6# 0-1

[Event "Challenge"]
[Site "http://www.queenalice.com/game.php?id=850382"]
[Date "2010.10.25"]
[Round "-"]
[White "Savage24"]
[Black "theblackfox"]
[Result "1-0"]
[WhiteElo "2050"]
[BlackElo "1929"]

1. e4 d5 2. exd5 Qxd5 3. Nc3 Qe5+ 4. Be2 Nc6 5. Nf3 Qa5 6. O-O Nf6 7. d4 Bf5 8.
a3 O-O-O 9. Be3 h5 10. b4 Nxb4 11. axb4 Qxb4 12. Rxa7 Qxc3 13. Ra8+ Kd7 14. Ne5+
Ke8 15. Rxd8+ Kxd8 16. Nxf7+ Ke8 17. Nxh8 Bxc2 18. Qa1 Qxa1 19. Rxa1 Kd7 20. Ra8
Ne4 21. Ng6 Nc3 22. Nxf8+ Kc6 23. Bxh5 Nd5 24. Be8+ Kd6 25. Rd8# 1-0

[Event "AUTO-MASTER-1272"]
[Site "http://www.queenalice.com/game.php?id=859631"]
[Date "2010.11.16"]
[Round "1"]
[White "Giant"]
[Black "Savage24"]
[Result "1-0"]
[WhiteElo "2295"]
[BlackElo "2067"]

1. e4 e6 2. d4 d5 3. exd5 exd5 4. Bd3 Nc6 5. Nf3 Bd6 6. O-O Nge7 7. h3 O-O 8. a3
Nf5 9. c3 Re8 10. Qc2 g6 11. Nbd2 a6 12. b4 Qf6 13. Re1 Rxe1+ 14. Nxe1 Bf4 15.
Ndf3 Nd6 16. Bxf4 Qxf4 17. Qc1 Ne7 18. Qxf4 1-0

[Event "AUTO-MASTER-1272"]
[Site "http://www.queenalice.com/game.php?id=859632"]
[Date "2010.11.16"]
[Round "1"]
[White "Savage24"]
[Black "Giant"]
[Result "1-0"]
[WhiteElo "2134"]
[BlackElo "2316"]

1. e4 c5 2. Nf3 d6 3. d4 cxd4 4. Nxd4 Nf6 5. Nc3 a6 6. Be3 g6 7. f3 Bg7 8. Qd2
Nc6 9. O-O-O Nxd4 10. Bxd4 Be6 11. Kb1 Rc8 12. g4 h6 13. h4 Kf8 14. Nd5 Bxd5 15.
exd5 Ne8 16. h5 g5 17. Bxg7+ Kxg7 18. f4 e6 19. dxe6 fxe6 20. Qd3 Qf6 21. fxg5
hxg5 22. Bg2 Rc7 23. Rhf1 Qh6 24. Be4 Rf8 25. Rxf8 Kxf8 26. Bg6 d5 27. Rf1+ Ke7
28. Qa3+ Kd7 29. Rf7+ Kc6 30. Qa4+ Kb6 31. Qxe8 1-0

[Event "AUTO-MASTER-1272"]
[Site "http://www.queenalice.com/game.php?id=859649"]
[Date "2010.11.16"]
[Round "1"]
[White "Savage24"]
[Black "leduar"]
[Result "1-0"]
[WhiteElo "2075"]
[BlackElo "1983"]

1. e4 e5 2. Nf3 Nf6 3. Nxe5 d6 4. Nf3 Nxe4 5. d4 d5 6. Bd3 Be7 7. O-O Nc6 8. c4
Nb4 9. Be2 O-O 10. Nc3 Nxc3 11. bxc3 Na6 12. cxd5 b6 13. Ne5 Bd6 14. Re1 Bb7 15.
Bf4 f6 16. Nc6 Qd7 17. Bxd6 Qxd6 18. Ne7+ Kh8 19. Bd3 Rae8 20. Qh5 1-0

[Event "AUTO-MASTER-1272"]
[Site "http://www.queenalice.com/game.php?id=859650"]
[Date "2010.11.16"]
[Round "1"]
[White "leduar"]
[Black "Savage24"]
[Result "0-1"]
[WhiteElo "1969"]
[BlackElo "2116"]

1. e4 e6 2. d4 d5 3. Nc3 Bb4 4. Bd2 dxe4 5. Qg4 Qxd4 6. Nge2 Qe5 7. a3 h5 8. Qf4
Qxf4 9. Nxf4 Bxc3 10. Bxc3 Nf6 11. O-O-O Nbd7 12. Be2 c6 13. h3 e5 14. Ne6 fxe6
15. Bc4 Nd5 16. Bd2 O-O 17. Rhf1 b5 18. Ba2 c5 19. c4 bxc4 20. Bxc4 N7b6 21. Bb3
Ba6 22. Rfe1 Bd3 23. Bc2 Rxf2 24. Bxd3 exd3 25. Rxe5 Rb8 26. Rxe6 Nc4 27. b3
Rxb3 28. Re4 Nc3 0-1

[Event "Challenge"]
[Site "http://www.queenalice.com/game.php?id=863508"]
[Date "2010.11.25"]
[Round "-"]
[White "Savage24"]
[Black "eddval"]
[Result "1-0"]
[WhiteElo "2186"]
[BlackElo "2137"]

1. e4 e5 2. Nf3 Nc6 3. Bb5 a6 4. Ba4 Nf6 5. O-O Be7 6. Re1 b5 7. Bb3 d6 8. c3
Na5 9. Bc2 c5 10. d4 Nc6 11. a4 Bg4 12. dxc5 Bxf3 13. Qxf3 dxc5 14. Rd1 Qc7 15.
axb5 Nb8 16. Qg3 O-O 17. Bh6 Ne8 18. c4 Qb7 19. Nc3 axb5 20. Rxa8 Qxa8 21. Nd5
Bd8 22. cxb5 Kh8 23. Qxe5 f6 24. Qh5 gxh6 25. Nf4 Ng7 26. Ng6+ 1-0

[Event "AUTO-OPEN-2131"]
[Site "http://www.queenalice.com/game.php?id=911460"]
[Date "2011.3.11"]
[Round "2"]
[White "Savage24"]
[Black "otsenrechess"]
[Result "0-1"]
[WhiteElo "2293"]
[BlackElo "2299"]

1. e4 c5 2. c3 Nf6 3. e5 Nd5 4. d4 cxd4 5. cxd4 d6 6. Bc4 Nb6 7. Bb5+ Bd7 8. e6
fxe6 9. Bd3 g6 10. h4 Nd5 11. h5 Qa5+ 12. Bd2 Qb6 13. Nc3 Qxd4 14. Qe2 Qg7 15.
hxg6 hxg6 16. Rxh8 Qxh8 17. Bxg6+ Kd8 18. Be4 Nc6 19. Nxd5 exd5 20. Bxd5 Nd4 21.
Bc3 Bg7 22. Qd3 Bb5 23. Qe4 Rc8 0-1

[Event "AUTO-OPEN-2131"]
[Site "http://www.queenalice.com/game.php?id=911461"]
[Date "2011.3.11"]
[Round "2"]
[White "otsenrechess"]
[Black "Savage24"]
[Result "1/2-1/2"]
[WhiteElo "2311"]
[BlackElo "2277"]

1. e4 e6 2. d4 d5 3. Nc3 Bb4 4. e5 c5 5. a3 Bxc3+ 6. bxc3 Ne7 7. Qg4 O-O 8. Nf3
Nbc6 9. Bd3 f5 10. exf6 Rxf6 11. Bg5 e5 12. Qh4 e4 13. Bxf6 gxf6 14. Qxf6 exd3
15. cxd3 cxd4 16. Nxd4 Nxd4 17. Qxd4 Nc6 18. Qe3 d4 19. cxd4 Bf5 20. O-O Qxd4
21. Qg5+ Bg6 22. Rab1 b6 23. Rfe1 Rf8 24. Re3 Qf6 1/2-1/2

[Event "Challenge"]
[Site "http://www.queenalice.com/game.php?id=918313"]
[Date "2011.3.28"]
[Round "-"]
[White "Daciolg"]
[Black "Savage24"]
[Result "0-1"]
[WhiteElo "2175"]
[BlackElo "2226"]

1. e4 e6 2. d4 d5 3. exd5 exd5 4. Bd3 Bd6 5. Be3 Nc6 6. Ne2 Nge7 7. c3 Bf5 8.
O-O O-O 9. Qc2 Qd7 10. Nd2 Bxd3 11. Qxd3 Rae8 12. Rae1 Nf5 13. Nf3 Nxe3 14. fxe3
Ne7 15. Nf4 c6 16. Nh3 f6 17. e4 dxe4 18. Rxe4 Nd5 19. Rfe1 Rxe4 20. Qxe4 Nc7
21. Qc2 Qf7 22. c4 Re8 23. b3 Rxe1+ 24. Nxe1 Qe6 25. Qd2 b5 26. c5 Be7 27. Nf4
Qe4 28. Nc2 Kf7 29. g3 g5 30. Qe2 Qxe2 31. Nxe2 Nd5 32. Kf2 f5 33. Ne3 Ke6 34.
Nxd5 Kxd5 35. Ke3 b4 36. h3 Bd8 37. h4 h6 38. Kd3 Bc7 39. Ke3 Bxg3 0-1

[Event "Challenge"]
[Site "http://www.queenalice.com/game.php?id=918316"]
[Date "2011.3.28"]
[Round "-"]
[White "Savage24"]
[Black "Daciolg"]
[Result "1-0"]
[WhiteElo "2206"]
[BlackElo "2157"]

1. e4 c5 2. c3 e5 3. Nf3 Nc6 4. Bc4 Be7 5. d4 exd4 6. cxd4 cxd4 7. Nxd4 Qa5+ 8.
Nc3 Bb4 9. O-O Bxc3 10. bxc3 Qxc3 11. Nb5 Qe5 12. Nd6+ Kf8 13. Nxf7 Qxe4 14.
Ba3+ Nge7 15. Bd5 Qf4 16. Re1 Qf6 17. Bxc6 1-0

[Event "Challenge"]
[Site "http://www.queenalice.com/game.php?id=927964"]
[Date "2011.4.19"]
[Round "-"]
[White "eddval"]
[Black "Savage24"]
[Result "0-1"]
[WhiteElo "2177"]
[BlackElo "2244"]

1. e4 e6 2. d4 d5 3. Nd2 Nf6 4. e5 Nfd7 5. Bd3 c5 6. c3 Nc6 7. Ne2 cxd4 8. cxd4
f6 9. Nf4 Nxd4 10. Qh5+ Ke7 11. Ng6+ hxg6 12. exf6+ Nxf6 13. Qxh8 Kf7 14. Qh4 e5
15. O-O Be7 16. f3 Nh5 17. Qe1 Nf4 18. Bb1 Nde2+ 19. Kh1 Bh4 20. Qd1 Ng3+ 0-1

[Event "Challenge"]
[Site "http://www.queenalice.com/game.php?id=929621"]
[Date "2011.4.23"]
[Round "-"]
[White "Savage24"]
[Black "eddval"]
[Result "1-0"]
[WhiteElo "2261"]
[BlackElo "2152"]

1. e4 e5 2. Nf3 Nf6 3. Nxe5 d6 4. Nf3 Nxe4 5. d4 d5 6. Bd3 Nc6 7. O-O Bg4 8. c4
f5 9. Nc3 Nxc3 10. bxc3 Be7 11. h3 Bh5 12. Bxf5 O-O 13. Be6+ Bf7 14. cxd5 Bxe6
15. dxe6 Qd5 16. Qb3 Rad8 17. Re1 Na5 18. Qxd5 Rxd5 19. Re5 c6 20. Rxd5 cxd5 21.
Rb1 Rf6 22. Rb5 Rxe6 23. Rxa5 1-0

[Event "AUTO-MASTER-1272"]
[Site "http://www.queenalice.com/game.php?id=933059"]
[Date "2011.5.2"]
[Round "2"]
[White "gmvilela"]
[Black "Savage24"]
[Result "0-1"]
[WhiteElo "2081"]
[BlackElo "2275"]

1. e4 e6 2. d4 d5 3. Nd2 Nf6 4. e5 Nfd7 5. f4 c5 6. c3 Nc6 7. Ndf3 Qb6 8. Ne2 f6
9. g3 cxd4 10. cxd4 fxe5 11. fxe5 Bb4+ 12. Bd2 O-O 13. Bg2 Ndxe5 14. dxe5 Nxe5
0-1

[Event "AUTO-MASTER-1272"]
[Site "http://www.queenalice.com/game.php?id=933060"]
[Date "2011.5.2"]
[Round "2"]
[White "Savage24"]
[Black "gmvilela"]
[Result "1-0"]
[WhiteElo "2284"]
[BlackElo "2095"]

1. e4 c5 2. c3 Nf6 3. e5 Nd5 4. d4 cxd4 5. cxd4 Nc6 6. Nc3 Nxc3 7. bxc3 d6 8. f4
g5 9. d5 dxe5 10. dxc6 Qxd1+ 11. Kxd1 exf4 12. cxb7 Bxb7 13. Bb5+ Kd8 14. Nf3 h6
15. Ke2 Kc7 16. Rd1 Rd8 17. Rxd8 Kxd8 18. Rb1 Bg7 19. Bc4 Kc7 20. Bxf7 e5 21.
Bg6 g4 22. Nd4 f3+ 23. gxf3 gxf3+ 24. Kf2 Bd5 25. Nb5+ Kd7 26. Be3 Bf6 27. Bf5+
Ke7 28. Bc5+ Kf7 29. Nd6+ Kg7 30. Rg1+ 1-0

[Event "AUTO-MASTER-1272"]
[Site "http://www.queenalice.com/game.php?id=961392"]
[Date "2011.7.17"]
[Round "3"]
[White "Giant"]
[Black "Savage24"]
[Result "0-1"]
[WhiteElo "2350"]
[BlackElo "2292"]

1. e4 c5 2. Nf3 d6 3. d4 cxd4 4. Nxd4 Nf6 5. Nc3 a6 6. Bg5 e6 7. Bd3 Be7 8. a4
Nxe4 9. Bxe7 Nxc3 10. Bxd8 Nxd1 11. Bc7 Nxb2 12. Be2 d5 13. Kd2 Nc4+ 14. Bxc4
dxc4 15. Rhd1 O-O 16. Kc3 Nd7 17. Kxc4 Re8 18. a5 Nf6 19. Re1 Bd7 20. Kb3 Rac8
21. Bd6 Bc6 22. f3 Red8 23. Nxc6 Rxc6 24. Be5 Rdc8 25. Bxf6 gxf6 26. Re2 f5 27.
Ra4 Rc3+ 28. Kb2 R8c7 29. Rd2 e5 30. Rb4 R3c5 31. Ra4 Kg7 32. Re2 Rb5+ 33. Kc1
Rcc5 34. g4 Rxa5 35. Rxa5 Rxa5 36. gxf5 Kf6 37. Rg2 Ra3 38. Rd2 b5 39. Kb2 Rxf3
0-1

[Event "AUTO-MASTER-1272"]
[Site "http://www.queenalice.com/game.php?id=961393"]
[Date "2011.7.17"]
[Round "3"]
[White "Savage24"]
[Black "Giant"]
[Result "1-0"]
[WhiteElo "2278"]
[BlackElo "2358"]

1. e4 c6 2. d4 d5 3. Nc3 dxe4 4. Nxe4 Nd7 5. Ng5 Ngf6 6. Bd3 e6 7. N1f3 c5 8.
Ne5 Nxe5 9. dxe5 Nd5 10. Qh5 g6 11. Qf3 Qe7 12. Ne4 Qc7 13. Bb5+ Kd8 14. Bg5+
Be7 15. O-O-O a6 16. c4 axb5 17. cxd5 Bxg5+ 18. Nxg5 Ke8 19. Qf6 Rf8 20. Qg7 Qe7
21. Nxh7 exd5 22. Rxd5 1-0

[Event "joshage"]
[Site "http://www.queenalice.com/game.php?id=1070448"]
[Date "2012.6.10"]
[Round "-"]
[White "Savage24"]
[Black "albemo"]
[Result "1-0"]
[WhiteElo "2306"]
[BlackElo "1722"]

1. e4 Nf6 2. e5 Nd5 3. d4 d6 4. Nf3 g6 5. Bc4 Nb6 6. Bb3 Bg7 7. Ng5 O-O 8. e6 f6
9. Nf7 Qe8 10. Nh6+ Bxh6 11. Bxh6 d5 12. Bxf8 Qxf8 13. Qg4 Nc6 14. Nc3 Nd8 15.
Nxd5 Nxd5 16. Bxd5 a5 17. Bc4 b5 18. Bxb5 1-0